000 00526nam a2200181Ia 4500
005 20260415160351.0
008 008 250505s9999 xx 000 0 eng d
037 _aTextual
040 _aFEDL
_beng
_cFEDL
041 _aeng
_2eng
084 _a155.413 DRU
_qFEDL
100 _aDrummond Margaret
245 0 _aDawn of mind : An introduction to child psychology
260 _aLondon, UK
_bEdward Arnold
_c1939
300 _axi,179p.
942 _cTEXL
_h155.413 DRU
999 _c1322166
_d1322166